000 01345cam a22003737a 4500
003 CHAP
005 20220817043131.0
008 971013s1980 r 00010 d
010 _a66496
011 _a67468
035 _a76938
040 _cCHAP
090 _aFolleto 12188
100 0 0 _aMendoza Ramírez, Manuel.
_974727
245 1 3 _aUn estudio sobre los efectos de la aplicación masiva de Azotobacter chroococcum
260 _aMéxico :
_bUNAM. Facultad de Ciencias. Departamento de Matemáticas,
_c1980-
300 _a12 p.
490 0 _aComunicación interna. Comunicaciones técnicas e investigación
_v; 6
500 _a28-108
590 _aBATCH-UPD
_b10
_c20130109
_lUCH01
_h2316
590 _aBATCH-UPD
_b10
_c20130110
_lUCH01
_h0434
590 _aBATCH-UPD
_b10
_c20130110
_lUCH01
_h2115
590 _aBATCH-UPD
_b10
_c20130410
_lUCH01
_h0110
590 _aBATCH-UPD
_b10
_c20130410
_lUCH01
_h1632
590 _aBATCH-UPD
_b10
_c20130914
_lUCH01
_h0508
590 _aCONVERSION
_b10
_c20130109
_lUCH01
_h1337
650 1 4 _aAzotobacter chroococcum.
_99128
650 1 4 _aSuelos
_xInoculación.
_9110403
700 0 _aValencia Ramírez, Gustavo.
_9117434
830 0 _aComunicación interna comunicaciones técnicas e investigación
_v; 6
901 _aBK
942 _cFOLL
949 _aFolleto 12188
_bBC
_cFOLL
_d-29797
_eTS1
_i76938
_si
999 _c66496
_d66496